Statistiques concernant Composants d'une cellule

Cliquez ici pour prendre le quiz!

Statistiques générales

  • Ce quiz a été pris 193 fois
  • Le résultat moyen est 7 sur 13

Statistiques - réponses

DéfinitionComposant% Correct
Contient l'information génétiqueNoyau
93%
Milieu dans lequel baignent les composantsCytoplasme/Cytosol
87%
Organite produisant de l'ATPMitochondrie
78%
Protéine permettant la traduction des ARN en protéinesRibosome
71%
Bicouche de lipide isolant l'intérieur et l'extérieurMembrane cellulaire
66%
Organite impliqué dans la synthèse et l'adressage des protéinesAppareil de Golgi
63%
Organite permettant la dégradation de certaines moléculesPeroxysome/Lysosome
45%
Protéine accélérant les réactions chimiquesEnzyme
41%
Organite produisant les lipidesRéticulum endoplasmique lisse
38%
Assemblages supramoléculaires garantissant la structure cellulaireCytosquelette
35%
Organite impliqué dans la synthèse des protéinesRéticulum endoplasmique granuleux/rugueux
25%
Permet le passage de molécules dans #1Pore nucléaire
24%
Milieu extracellulaireMatrice
19%

Distribution des résultats

Percentile par nombre de réponses

% des personnes avec chaque résultat

Votre développement - résultats

Vous n’avez pas pris ce quiz